000 00496nam a2200181Ia 4500
001 8415
005 20260306160607.0
008 260306t2005||||xx |||||||||||||| ||spa||
041 _aESP
082 _a370.9
_bB35
100 _aBedoya Madrid, José Iván
_eAUT
245 0 _aEpistemología y pedagogía:
_bensayo histórico crítico sobre el objeto y método pedagógicos
260 _c2005
300 _a274 páginas :
_c41 cm.
650 _aGEN
654 _aCED
942 _cLIB
_dJUS
_fJUS
_2ddc
_n
999 _c8415
_d8415